000 00290nam a2200121Ia 4500
008 140130s9999 xx 000 0 und d
245 _cJustine Korman
_aTonka! Highway Trucks
260 _bScholastic,
_c1998
440 _v1
521 _aGrade 3 - Grade 4
942 _cBK
999 _c40998
_d40998